| 000 | 00447nam a22001577a 4500 | ||
|---|---|---|---|
| 999 |
_c7935 _d7935 |
||
| 005 | 20240916105307.0 | ||
| 008 | 240916b ||||| |||| 00| 0 eng d | ||
| 020 | _a9788419812735 | ||
| 040 |
_aCDMR _dCDMR |
||
| 100 | 1 |
_92987 _aTorres, Maruja |
|
| 245 |
_aCuanta más gente se muere, más ganas de vivir tengo _c/ Maruja Torres |
||
| 260 |
_aBarcelona: _bPlaneta, _c2024 |
||
| 300 | _a316 pàgines | ||
| 490 | _aTemas de hoy | ||
| 942 |
_2udc _cMON |
||